LEADER 01310nam a2200301 u 4500 001 000000005547 003 CaOOAMICUS 005 20070226104756.0 008 940514s1947 it u000 u fre u 035 $a10142545 040 $aPUL(R)$bita 100 1 $aGioberti, Vincenzo,$d1801-1852.$0(OLS)http://pul/name/3775 245 10$aCours de philosophie (1841-1842), /$ca cura di Mario Battistini e Giovanni Calò. 260 $aMilano :$bF.lli Bocca,$c1947. 300 $a278 p. ;$c25 cm 500 $aInclude indici. 650 4$aFilosofia$vManuali, trattati, ecc.$0(OLS)http://pul/subject/9227 700 1 $aBattistini, Mario,$d1885-1953.$0(OLS)http://pul/name/5736 700 1 $aCalò, Giovanni,$d1882-1970.$0(OLS)http://pul/name/5735 850 $aPUL 852 $aPUL$W1$xDP1 Fondo Ciprotti$y59$m1545 F 32$j7777$nBK-PRI$b $qFondi$B7777$CPULBib$Z2$F7777 $H $81 852 $aPUL$W1$xDP1 Cons. Gen., Altre Classi 1$y22$m921 F 6$j7778$nBK-PRI$b $qStampati$B7778$CPULBib$Z2$F7778 $H $81 941 1 $a8 941 1 $a1 961 $aINV: Fondo Ciprotti 961 $aINV: 14601 996 $6245$aCours de philosophie (1841-1842),$9(OLS)http://pul/title/8132 996 $6260$aMilano :$bF.lli Bocca$9(OLS)http://pul/publisher/49896 LEADER 01416nam a2200301 u 4500 001 000000079385 003 CaOOAMICUS 005 20070226123531.0 008 040601s2004 it u000 u ita u 020 $a883823938X 035 $a10997421 040 $aPUL$bita 100 1 $aZingale, Anna.$0(OLS)http://pul/name/21862 245 13$aLa Chiesa al tramonto della Controriforma :$baspetti dell'evangelizzazione nella civiltà dei Lumi /$cAnna Zingale ; [prefazione di Alberto Monticone]. 260 $aRoma :$bStudium,$c2004. 300 $aXII, 278 p. ;$c21 cm 490 1 $aQuaderni della Libera Università "Maria SS. Assunta" ;$v21 500 $aContiene indici. 500 $aBibliografia in nota. 650 4$aChiesa cattolica$xStoria$ySec. XVIII.$0(OLS)http://pul/subject/27581 700 1 $aMonticone, Alberto,$d1931-$0(OLS)http://pul/name/2912 830 0$aQuaderni della Libera Università "Maria SS. Assunta" ;$v21.$0(OLS)http://pul/title/47441 850 $aPUL 852 $aPUL$W1$xSL Religione 3$y85$m282 ZINAN 1$j101594$nBK-PRI$qDDC 21$B101594$CPULBib$Z2$F101594 $HPUL94585 $82 941 1 $a9 996 $6020$a883823938X$9(OLS)http://pul/number/104339 996 $6245$aLa Chiesa al tramonto della Controriforma :$baspetti dell'evangelizzazione nella civiltà dei Lumi$9(OLS)http://pul/title/103953 996 $6260$aRoma :$bStudium$9(OLS)http://pul/publisher/47892